[Event "XXVIII Memorial Edoardo Crespi A"]
[Site "Milano ITA"]
[Date "2007.12.05"]
[Round "1"]
[White "D'Apa, Matteo"]
[Black "Cardani, Roberto"]
[Result "1-0"]
[WhiteElo "2085"]
[BlackElo "1923"]
[PlyCount "61"]
[EventDate "2007.12.05"]

1. d4 Nf6 2. c4 e6 3. Nf3 d5 4. Nc3 c6 5. Bg5 h6 6. Bh4 dxc4 7. a4 Bb4 8. e3
Qa5 9. Bxf6 Bxc3+ 10. bxc3 Qxc3+ 11. Nd2 gxf6 12. Bxc4 Nd7 13. O-O Qb4 14. Rb1
Qe7 15. Qh5 f5 16. e4 Qg5 17. Qe2 f4 18. d5 Rg8 19. f3 e5 20. dxc6 bxc6 21. Rf2
Rg6 22. Ba2 Rb8 23. Rxb8 Nxb8 24. Nc4 Kf8 25. Qb2 Nd7 26. Rd2 Qe7 27. Qb3 Ba6
28. Nd6 Rf6 29. Nxf7 c5 30. Nxe5 c4 31. Nxd7+ 1-0

[Event "XXVIII Memorial Edoardo Crespi A"]
[Site "Milano ITA"]
[Date "2007.12.05"]
[Round "1"]
[White "De La Pena, Elmer"]
[Black "Bemporad, Filippo"]
[Result "0-1"]
[WhiteElo "1919"]
[BlackElo "2082"]
[PlyCount "80"]
[EventDate "2007.12.05"]

1. d4 d5 2. c4 c6 3. Nf3 Nf6 4. e3 g6 5. Nc3 Bg7 6. Bd3 O-O 7. O-O Nbd7 8. e4
dxe4 9. Bxe4 Nxe4 10. Nxe4 Nb6 11. c5 Nd5 12. h3 Be6 13. Re1 Qd7 14. Neg5 Nc7
15. Ne5 Qd8 16. Nxe6 Nxe6 17. Be3 Qd5 18. Qa4 f6 19. Nf3 Qd7 20. Rad1 Nc7 21.
a3 Nd5 22. Qc4 Kh8 23. b4 a6 24. Qc1 g5 25. Qc2 g4 26. hxg4 Qxg4 27. Nh2 Qh5
28. Bc1 f5 29. Re6 Bf6 30. Rd3 Qf7 31. Re1 Rg8 32. Nf3 Qg7 33. g3 f4 34. Ne5
Bh4 35. Rf3 Raf8 36. Re4 fxg3 37. Rxh4 gxf2+ 38. Kxf2 Qg2+ 39. Ke1 Qxc2 40.
Rxh7+ Qxh7 0-1

[Event "XXVIII Memorial Edoardo Crespi A"]
[Site "Milano ITA"]
[Date "2007.12.05"]
[Round "1"]
[White "Drazic, Sinisa"]
[Black "Quaranta, Cristiano"]
[Result "1-0"]
[WhiteElo "2493"]
[BlackElo "2070"]
[PlyCount "61"]
[EventDate "2007.12.05"]

1. b3 d5 2. Nf3 Nf6 3. Bb2 Bf5 4. c4 c6 5. d3 e6 6. Nbd2 Nbd7 7. g3 Be7 8. Bg2
O-O 9. O-O a5 10. Nh4 Bg6 11. a3 Qb6 12. Nxg6 hxg6 13. Qc2 Bc5 14. e3 d4 15. b4
axb4 16. axb4 Bxb4 17. Bxd4 Bc5 18. Rab1 Qc7 19. Bxc5 Nxc5 20. d4 Ncd7 21. c5
e5 22. Rb3 exd4 23. exd4 Rfb8 24. Rfb1 Nd5 25. Bxd5 cxd5 26. Qb2 Ra7 27. Rb6
Qc8 28. Rb5 Nf8 29. Nf3 f6 30. Qb3 Qf5 31. c6 1-0

[Event "XXVIII Memorial Edoardo Crespi A"]
[Site "Milano ITA"]
[Date "2007.12.05"]
[Round "1"]
[White "Facchetti, Gianni"]
[Black "Virzi, Ettore"]
[Result "1-0"]
[WhiteElo "2160"]
[BlackElo "1956"]
[PlyCount "115"]
[EventDate "2007.12.05"]

1. e4 e5 2. Nf3 Nc6 3. Bc4 Nf6 4. Nc3 Nxe4 5. O-O Nxc3 6. dxc3 d5 7. Bxd5 f6 8.
Re1 Qd6 9. Be3 Be6 10. Bxe6 Qxe6 11. Qe2 Bd6 12. Qb5 Qc8 13. Qc4 Qd7 14. a4 Ne7
15. b4 Qc6 16. Qb3 Qd7 17. c4 c6 18. c5 Bc7 19. Rad1 Qf5 20. b5 Nd5 21. bxc6
bxc6 22. Qb7 O-O 23. Qxc6 Nxe3 24. fxe3 Rfc8 25. e4 Qg4 26. h3 Qh5 27. Qe6+ Qf7
28. Qxf7+ Kxf7 29. Rd7+ Kf8 30. Red1 Ba5 31. Rb7 Rc7 32. Rxc7 Bxc7 33. Rd7 Rc8
34. Nh4 Ba5 35. Rxa7 Rxc5 36. Nf5 Bb6 37. Rb7 Bc7 38. Ne3 h6 39. Nd5 Ba5 40.
Rb5 Rc4 41. Rxa5 Rxe4 42. c3 Re2 43. Ra7 Rd2 44. c4 e4 45. Rb7 Ra2 46. Rc7 Rxa4
47. Kf2 f5 48. g4 g6 49. gxf5 gxf5 50. Kg3 Ra3+ 51. Kh4 e3 52. Re7 Ra4 53. Rxe3
Rxc4+ 54. Kh5 Rd4 55. Re5 Kf7 56. Rxf5+ Ke6 57. Ne3 Rd3 58. Rf3 1-0

[Event "XXVIII Memorial Edoardo Crespi A"]
[Site "Milano ITA"]
[Date "2007.12.05"]
[Round "1"]
[White "Galli, Fabio"]
[Black "Arboscelli, Gregorio"]
[Result "1-0"]
[WhiteElo "2079"]
[BlackElo "1913"]
[PlyCount "109"]
[EventDate "2007.12.05"]

1. e4 e5 2. d4 exd4 3. Qxd4 Nc6 4. Qe3 d6 5. Bd2 Nf6 6. Nc3 Be7 7. f3 Be6 8.
O-O-O Qd7 9. g4 h6 10. h3 a6 11. Bg2 Ne5 12. f4 Nc4 13. Qd3 Nxd2 14. Rxd2 Qc6
15. e5 Qb6 16. exf6 Bxf6 17. Nf3 O-O-O 18. Nd4 Qa5 19. a3 Rhe8 20. Nxe6 Rxe6
21. Nd5 Rde8 22. Nxf6 gxf6 23. Qf5 Qxf5 24. gxf5 Re3 25. Bd5 R8e7 26. Rg2 c6
27. Bc4 R3e4 28. Ba2 Rxf4 29. Rg4 Rf2 30. Rh4 c5 31. Rxh6 d5 32. c3 c4 33. Bb1
Ree2 34. Rxf6 Rxb2 35. Rg1 Kb8 36. Rd6 Rb3 37. Rxd5 Rxc3+ 38. Kd1 Rxh3 39. Rd2
Rff3 40. a4 Ra3 41. Ra2 Rab3 42. Bc2 Rbc3 43. a5 Ra3 44. Rxa3 Rxa3 45. Rg4 Rxa5
46. Rxc4 Rd5+ 47. Kc1 b5 48. Rc6 a5 49. Rf6 Rd7 50. Bb3 Kc7 51. Bxf7 Rd6 52.
Rg6 a4 53. Be8 a3 54. Rxd6 Kxd6 55. Bxb5 1-0

[Event "XXVIII Memorial Edoardo Crespi A"]
[Site "Milano ITA"]
[Date "2007.12.05"]
[Round "1"]
[White "Hubschmid, Stefan"]
[Black "Salvador, Roland"]
[Result "0-1"]
[WhiteElo "2066"]
[BlackElo "2456"]
[PlyCount "50"]
[EventDate "2007.12.05"]

1. e4 c5 2. Nf3 Nc6 3. d4 cxd4 4. Nxd4 e5 5. Nb5 d6 6. N1c3 a6 7. Na3 Be7 8.
Be3 Be6 9. Nd5 Rc8 10. Nb6 Rb8 11. c4 Nf6 12. Nd5 O-O 13. Nxf6+ Bxf6 14. Be2
Bg5 15. Qd2 Bxe3 16. Qxe3 Nd4 17. Bd3 f5 18. f3 Qb6 19. Rb1 fxe4 20. Bxe4 Nxf3+
21. Ke2 Nd4+ 22. Kd3 Rf4 23. Bd5 Bxd5 24. cxd5 Qa5 25. Nc4 Qxd5 0-1

[Event "XXVIII Memorial Edoardo Crespi A"]
[Site "Milano ITA"]
[Date "2007.12.05"]
[Round "1"]
[White "Iudicello, Giovanni"]
[Black "Rossi, Giampiero"]
[Result "1-0"]
[WhiteElo "2171"]
[BlackElo "1991"]
[PlyCount "53"]
[EventDate "2007.12.05"]

1. e4 c5 2. Nf3 e6 3. d4 cxd4 4. Nxd4 a6 5. Bd3 Nf6 6. O-O Qc7 7. Nc3 Nc6 8.
Be3 Ne5 9. h3 b5 10. f4 Nc4 11. Bxc4 Qxc4 12. e5 Nd5 13. Nxd5 Qxd5 14. Nb3 Bb7
15. Qe2 Qc4 16. Qf2 Bd5 17. c3 Be7 18. Nd4 g6 19. Rac1 O-O 20. b3 Qd3 21. Ne2
Rfc8 22. Rcd1 Qc2 23. Rd2 Qe4 24. Ng3 Qxg2+ 25. Qxg2 Bxg2 26. Kxg2 Rxc3 27. Bf2
1-0

[Event "XXVIII Memorial Edoardo Crespi A"]
[Site "Milano ITA"]
[Date "2007.12.05"]
[Round "1"]
[White "Martinez, Rolly"]
[Black "Bosi, Clint"]
[Result "1-0"]
[WhiteElo "2447"]
[BlackElo "2050"]
[PlyCount "65"]
[EventDate "2007.12.05"]

1. e4 c5 2. Nf3 Nc6 3. Nc3 d6 4. d4 cxd4 5. Nxd4 e5 6. Nb3 Be6 7. f3 Nge7 8.
Nd5 Bxd5 9. exd5 Nb8 10. Be3 Nd7 11. Qd2 Nf5 12. Bf2 Be7 13. Bd3 Bg5 14. Qb4
Nh4 15. O-O O-O 16. Bxh4 Bxh4 17. Qxb7 f5 18. Qb4 Nb6 19. Na5 f4 20. Qe4 g6 21.
Nc6 Qd7 22. c4 a5 23. Rac1 Rf7 24. c5 Nc8 25. a3 Rg7 26. b4 axb4 27. axb4 g5
28. Qf5 Qe8 29. Ra1 Na7 30. Qe6+ Qxe6 31. dxe6 dxc5 32. e7 cxb4 33. Rxa7 1-0

[Event "XXVIII Memorial Edoardo Crespi A"]
[Site "Milano ITA"]
[Date "2007.12.05"]
[Round "1"]
[White "Mazzini, Antonio"]
[Black "Pasquotto, Mirko"]
[Result "1-0"]
[WhiteElo "2106"]
[BlackElo "1939"]
[PlyCount "95"]
[EventDate "2007.12.05"]

1. d4 Nf6 2. c4 g6 3. Nc3 Bg7 4. e4 d6 5. Be2 O-O 6. Bg5 Nbd7 7. Qd2 Re8 8. Nf3
c6 9. h3 Qa5 10. O-O e5 11. dxe5 dxe5 12. a3 Qc7 13. b4 Nf8 14. Rfd1 Ne6 15.
Qd6 Qxd6 16. Rxd6 Nxg5 17. Nxg5 h6 18. Nf3 Nh5 19. Rad1 Nf4 20. Rd8 Nxe2+ 21.
Nxe2 Kf8 22. Nc3 Be6 23. Rxa8 Rxa8 24. c5 Ke8 25. Nd2 Rd8 26. Nf1 Rd4 27. Ne3
Rxd1+ 28. Nexd1 f5 29. f3 h5 30. Kf2 Bh6 31. Ne3 a5 32. Ke2 f4 33. Nf1 g5 34.
Kd3 g4 35. hxg4 hxg4 36. fxg4 Bxg4 37. Nd2 axb4 38. axb4 Ke7 39. Nc4 Bg7 40.
Na4 Kd8 41. Nd6 Bf6 42. Nxb7+ Kc7 43. Nd6 Bh4 44. Nc3 Be7 45. Nc4 Bf6 46. Nd2
Bc8 47. b5 cxb5 48. Nd5+ 1-0

[Event "XXVIII Memorial Edoardo Crespi A"]
[Site "Milano ITA"]
[Date "2007.12.05"]
[Round "1"]
[White "Papale, Carmelo"]
[Black "Moreschi, Mauro"]
[Result "1-0"]
[WhiteElo "1899"]
[BlackElo "1944"]
[PlyCount "69"]
[EventDate "2007.12.05"]

1. e4 d6 2. Nf3 Nf6 3. d3 e5 4. g3 Bg4 5. Bg2 Qd7 6. h3 Bh5 7. Nbd2 Nc6 8. c3
Be7 9. Nc4 Nd8 10. Ne3 Bg6 11. Nh4 c6 12. Nef5 Bxf5 13. Nxf5 Ne6 14. O-O Bd8
15. d4 exd4 16. cxd4 g6 17. Re1 Ba5 18. Re2 O-O-O 19. Ne3 d5 20. Qa4 Bb6 21.
exd5 cxd5 22. Qd1 Bxd4 23. Bd2 Kb8 24. Nc2 Bb6 25. a4 Ne4 26. a5 Bc7 27. Be3 f5
28. Nd4 Nxd4 29. Qxd4 b6 30. Rc2 Nc5 31. Qb4 Na6 32. Qd4 Nc5 33. axb6 axb6 34.
Qb4 d4 35. Ra8# 1-0

[Event "XXVIII Memorial Edoardo Crespi A"]
[Site "Milano ITA"]
[Date "2007.12.05"]
[Round "1"]
[White "Piantoni, Pierino"]
[Black "Astengo, Corrado"]
[Result "0-1"]
[WhiteElo "1942"]
[BlackElo "2122"]
[PlyCount "146"]
[EventDate "2007.12.05"]

1. c4 c6 2. Nf3 d5 3. e3 Nf6 4. b3 Bf5 5. Bb2 e6 6. Be2 h6 7. d3 Nbd7 8. Nc3
Be7 9. O-O O-O 10. Qc2 Re8 11. Rad1 Qc7 12. Rfe1 Rad8 13. a3 e5 14. b4 dxc4 15.
e4 cxd3 16. Rxd3 Bg6 17. Red1 Qb8 18. R3d2 Nf8 19. Bc4 Bh5 20. Ne2 Ng6 21. Qb3
Rf8 22. Ng3 Bxf3 23. Qxf3 Rxd2 24. Rxd2 Rd8 25. Rxd8+ Qxd8 26. Qb3 Qe8 27. a4
Bd8 28. Nf5 Bc7 29. Qg3 Qd7 30. Bb3 Kh7 31. Bc2 Qd2 32. Qc3 Qxc3 33. Bxc3 Nf4
34. Kf1 g6 35. Ne3 Ne6 36. Nc4 Nd7 37. Bb1 Kg7 38. h3 Kf8 39. g3 Ke7 40. h4 f6
41. Ke1 Nb6 42. Nb2 c5 43. bxc5 Nxc5 44. Bc2 Ke6 45. a5 Nc8 46. Bb4 Bd6 47. Nc4
Be7 48. Ke2 b5 49. axb6 axb6 50. Bc3 b5 51. Ne3 Nb6 52. f3 Kd6 53. Bb1 Kc6 54.
Bb4 Bd6 55. Ng4 h5 56. Nxf6 Ne6 57. Ba2 Nd4+ 58. Kf2 Bxb4 59. Bf7 Bf8 60. f4
Nc4 61. Bxg6 b4 62. Nd5 b3 63. Nc3 Bb4 64. Na4 Kb5 65. Be8+ Nc6 66. Bf7 Kxa4
67. Bxc4 b2 68. Ba2 Ka3 69. Bb1 Be7 70. Ke3 Kb3 71. fxe5 Nxe5 72. Kf4 Bd6 73.
Kg5 Nf3+ 0-1

[Event "XXVIII Memorial Edoardo Crespi A"]
[Site "Milano ITA"]
[Date "2007.12.05"]
[Round "1"]
[White "Quagliarella, Sabino Remo"]
[Black "Barberi, Alessandro"]
[Result "0-1"]
[WhiteElo "1950"]
[BlackElo "2157"]
[PlyCount "110"]
[EventDate "2007.12.05"]

1. d4 g6 2. e4 Bg7 3. Nf3 d6 4. Be2 Nd7 5. O-O a6 6. a4 b6 7. Nc3 Bb7 8. Re1 e6
9. h3 Ne7 10. Bf4 h6 11. Qd2 Nf6 12. Bd3 c5 13. dxc5 dxc5 14. Rad1 g5 15. Bh2
Kf8 16. Ne5 Ne8 17. Nc4 Nc6 18. e5 Nb4 19. Qe2 Qc7 20. Be4 Nc6 21. Nd6 Nxd6 22.
exd6 Qd7 23. Qh5 Nd4 24. Bxb7 Qxb7 25. Rd2 f5 26. Ne2 Qf7 27. Qxf7+ Kxf7 28.
Nxd4 cxd4 29. Be5 Bxe5 30. Rxe5 Kf6 31. Rde2 Rhe8 32. a5 Rad8 33. d7 Rxd7 34.
axb6 Rd6 35. Rc5 Rxb6 36. b3 e5 37. f3 Ree6 38. Kf1 Rb5 39. Rc8 e4 40. Rd8 Ke5
41. g4 e3 42. gxf5 Rd6 43. Rf8 Kf4 44. Kg2 Rxf5 45. Rxf5+ Kxf5 46. Kg3 h5 47.
Re1 h4+ 48. Kg2 Rc6 49. Re2 Kf4 50. b4 Rc3 51. b5 axb5 52. Kf1 Kxf3 53. Rf2+
Ke4 54. Rg2 Kf5 55. Ke1 e2 0-1

[Event "XXVIII Memorial Edoardo Crespi A"]
[Site "Milano ITA"]
[Date "2007.12.05"]
[Round "1"]
[White "Zacco, Remo"]
[Black "Rettore, Ludwig"]
[Result "0-1"]
[WhiteElo "1994"]
[BlackElo "2177"]
[PlyCount "88"]
[EventDate "2007.12.05"]

1. Nf3 d5 2. g3 c6 3. Bg2 Bg4 4. d4 Nd7 5. Nbd2 e6 6. O-O Ngf6 7. b3 Qa5 8. a3
Qc3 9. Ra2 Bf5 10. e3 c5 11. h3 h6 12. Re1 Be7 13. dxc5 Qxc5 14. Nd4 Bg6 15. c4
a5 16. cxd5 Nxd5 17. Bb2 O-O 18. Qc1 Qb6 19. e4 N5f6 20. e5 Nd5 21. Nc4 Qd8 22.
Qd2 Nc5 23. f4 Nd3 24. Re2 Bc5 25. Kh2 N5xf4 26. gxf4 Nxb2 27. Rxb2 Bxd4 28.
Nd6 Bxb2 29. Qxb2 Qb6 30. Rd2 Rab8 31. Rc2 Rfd8 32. Rd2 Qe3 33. Rf2 b5 34. Bc6
b4 35. a4 Rb6 36. Nc4 Qc5 37. Nxb6 Qxc6 38. Nc4 Rd1 39. Qe2 Qh1+ 40. Kg3 Bf5
41. Rh2 Rg1+ 42. Kh4 g5+ 43. Kh5 Kg7 44. fxg5 Bg6+ 0-1

[Event "XXVIII Memorial Edoardo Crespi A"]
[Site "Milano ITA"]
[Date "2007.12.06"]
[Round "2"]
[White "Arboscelli, Gregorio"]
[Black "Bisignano, Giuseppe"]
[Result "1/2-1/2"]
[WhiteElo "1913"]
[BlackElo "1980"]
[PlyCount "70"]
[EventDate "2007.12.05"]

1. Nf3 Nf6 2. g3 g6 3. Bg2 Bg7 4. O-O O-O 5. d4 d5 6. c4 dxc4 7. Na3 c6 8. Nxc4
Be6 9. Qc2 Na6 10. a3 Rc8 11. Rd1 Qd5 12. Nfe5 Bf5 13. Qb3 Ne4 14. Qxb7 Qb5 15.
Qxb5 cxb5 16. Ne3 Rfd8 17. Nf3 Be6 18. d5 Bd7 19. Nd4 Nac5 20. Nec2 Nd6 21. Ra2
Nb3 22. Be3 Nf5 23. Nxb3 Rxc2 24. Bxa7 Ra8 25. Bc5 Rc8 26. Bb4 Rxe2 27. Nc5 Be8
28. Bf1 Rc2 29. Nd3 Bd7 30. Raa1 Nd4 31. Rac1 Bg4 32. Rxc2 Rxc2 33. Rc1 Rc4 34.
Rxc4 bxc4 35. Ne1 Be2 1/2-1/2

[Event "XXVIII Memorial Edoardo Crespi A"]
[Site "Milano ITA"]
[Date "2007.12.06"]
[Round "2"]
[White "Astengo, Corrado"]
[Black "Drazic, Sinisa"]
[Result "0-1"]
[WhiteElo "2122"]
[BlackElo "2493"]
[PlyCount "166"]
[EventDate "2007.12.05"]

1. e4 Nf6 2. e5 Nd5 3. d4 d6 4. Nf3 Bg4 5. Be2 e6 6. O-O Be7 7. c4 Nb6 8. Nc3
O-O 9. Be3 N8d7 10. b3 Rb8 11. exd6 cxd6 12. Re1 a6 13. Qd2 Nf6 14. Rad1 Qc7
15. h3 Bh5 16. d5 exd5 17. Bxb6 Qxb6 18. Nxd5 Nxd5 19. Qxd5 Bxf3 20. Bxf3 Qc7
21. a4 a5 22. Qf5 Rbe8 23. Qb5 Rb8 24. Qf5 g6 25. Qd3 Rbd8 26. Bd5 b6 27. Qf3
Kg7 28. Rd4 Bf6 29. Rde4 Be5 30. Qd3 f5 31. R4e2 Rd7 32. Kh1 Qd8 33. Qe3 g5 34.
Qf3 Kh8 35. Be6 g4 36. hxg4 fxg4 37. Qxg4 Rg7 38. Qe4 Rf4 39. Qd5 Qh4+ 40. Kg1
Rf8 41. g4 Rg6 42. Bd7 Rf4 43. Kf1 Rf7 44. Bc8 Rf8 45. Bd7 h5 46. Qg2 hxg4 47.
Re4 Rxf2+ 48. Qxf2 Qh1+ 49. Ke2 Qxe4+ 50. Kd2 Qd4+ 51. Qxd4 Bxd4 52. Re8+ Kg7
53. Bc6 g3 54. Bd5 Kh6 55. Kd3 Bc5 56. Bg2 Kg5 57. Re7 Kf6 58. Re4 Rh6 59. Rg4
Bf2 60. Ke4 Rh5 61. Kf3 d5 62. Rf4+ Ke5 63. cxd5 Rg5 64. Rf8 Bc5 65. Rf4 Bf2
66. Rf8 Rg7 67. Rf4 Kxd5 68. b4 Ke5 69. Re4+ Kd6 70. bxa5 bxa5 71. Rc4 Rb7 72.
Ke4 Rb3 73. Kf4 Ra3 74. Rc6+ Kd7 75. Rc4 Be1 76. Rd4+ Kc7 77. Rc4+ Kd6 78. Rc6+
Kd7 79. Rc4 Bb4 80. Bf3 Bd6+ 81. Kg4 g2 82. Bc6+ Kd8 83. Rc1 Rg3+ 0-1

[Event "XXVIII Memorial Edoardo Crespi A"]
[Site "Milano ITA"]
[Date "2007.12.06"]
[Round "2"]
[White "Barberi, Alessandro"]
[Black "Papale, Carmelo"]
[Result "1-0"]
[WhiteElo "2157"]
[BlackElo "1899"]
[PlyCount "55"]
[EventDate "2007.12.05"]

1. d4 Nf6 2. Nf3 c5 3. e3 e6 4. b3 b5 5. Bxb5 Qa5+ 6. Bd2 Qxb5 7. c4 Qb6 8. Nc3
Bb7 9. Na4 Qc7 10. O-O Ng4 11. d5 Bd6 12. h3 Nh2 13. Nxh2 Bxh2+ 14. Kh1 Be5 15.
Rc1 Na6 16. f4 Bf6 17. e4 Bd4 18. Nc3 Nb4 19. Nb5 Qb6 20. Bxb4 Ba6 21. Nxd4
Qxb4 22. dxe6 cxd4 23. exd7+ Kxd7 24. Qxd4+ Ke7 25. Qxg7 Qd6 26. Rcd1 Qe6 27.
f5 Qc6 28. f6+ 1-0

[Event "XXVIII Memorial Edoardo Crespi A"]
[Site "Milano ITA"]
[Date "2007.12.06"]
[Round "2"]
[White "Bemporad, Filippo"]
[Black "Iudicello, Giovanni"]
[Result "0-1"]
[WhiteElo "2082"]
[BlackElo "2171"]
[PlyCount "99"]
[EventDate "2007.12.05"]

1. d4 Nf6 2. Nf3 g6 3. c4 Bg7 4. Nc3 d6 5. e4 O-O 6. Be2 e5 7. O-O Nc6 8. d5
Ne7 9. Ne1 Ne8 10. Nd3 f5 11. Bd2 f4 12. c5 g5 13. g4 fxg3 14. fxg3 Rxf1+ 15.
Bxf1 h6 16. Be3 Nf6 17. Be2 Bd7 18. Nf2 Qe8 19. Ng4 a6 20. Nxf6+ Bxf6 21. Bg4
Ng6 22. Bxd7 Qxd7 23. Qh5 Kg7 24. Rf1 Be7 25. Nd1 dxc5 26. Bf2 Bd6 27. Ne3 Ne7
28. Be1 Qe8 29. Qf3 Qg6 30. Bc3 Re8 31. Kh1 b5 32. b3 b4 33. Bb2 a5 34. Ng4 Ng8
35. Qf5 Qxf5 36. Rxf5 a4 37. Nxe5 Bxe5 38. Bxe5+ Kg6 39. bxa4 c4 40. Bxc7 Rxe4
41. Rf2 c3 42. d6 Nf6 43. a5 Ng4 44. Rf1 Rd4 45. Rc1 Rd2 46. Bb6 Ne5 47. a6
Rxa2 48. a7 Nf3 49. Bg1 Nxg1 50. Kxg1 0-1

[Event "XXVIII Memorial Edoardo Crespi A"]
[Site "Milano ITA"]
[Date "2007.12.06"]
[Round "2"]
[White "Bosi, Clint"]
[Black "Piantoni, Pierino"]
[Result "1-0"]
[WhiteElo "2050"]
[BlackElo "1942"]
[PlyCount "91"]
[EventDate "2007.12.05"]

1. f4 c5 2. Nf3 Nc6 3. e4 d6 4. g3 g6 5. Bg2 Bg7 6. c3 Nf6 7. d3 O-O 8. O-O Qb6
9. Qe2 e5 10. Na3 Qc7 11. h3 Rb8 12. Nb5 Qe7 13. Nxd6 Nh5 14. Nxc8 Rbxc8 15.
Kh2 exf4 16. Bxf4 Nxf4 17. gxf4 Bh6 18. Nd2 Rcd8 19. Nb3 Qd6 20. Qf2 b6 21.
Rad1 a5 22. e5 Qc7 23. Bxc6 Qxc6 24. Qf3 Qa4 25. Nc1 Qb5 26. Rd2 Qd7 27. d4
Rfe8 28. Rdd1 Qf5 29. Rf2 cxd4 30. cxd4 Rc8 31. Rdf1 Rc2 32. Ne2 Rxb2 33. Ng3
Rxf2+ 34. Rxf2 Qd7 35. d5 Rc8 36. Ne4 Bg7 37. d6 Qf5 38. Qg4 f6 39. Qxf5 gxf5
40. e6 Bf8 41. d7 Rd8 42. Nxf6+ Kh8 43. Re2 Be7 44. Nd5 Bd6 45. e7 Bxe7 46.
Rxe7 1-0

[Event "XXVIII Memorial Edoardo Crespi A"]
[Site "Milano ITA"]
[Date "2007.12.06"]
[Round "2"]
[White "Brunetti, Alessandro"]
[Black "Bernago, Federico"]
[Result "1/2-1/2"]
[WhiteElo "2002"]
[BlackElo "2002"]
[PlyCount "151"]
[EventDate "2007.12.05"]

1. d4 Nf6 2. c3 c5 3. e3 b6 4. Nf3 Bb7 5. Bd3 g6 6. Nbd2 Bg7 7. O-O O-O 8. Re1
d6 9. b3 Nbd7 10. Bb2 Qc7 11. Rc1 Rac8 12. Bb1 Qb8 13. c4 e6 14. Qe2 Rfd8 15.
Red1 d5 16. dxc5 bxc5 17. Bd3 Ne4 18. Bxg7 Kxg7 19. cxd5 exd5 20. Bxe4 dxe4 21.
Ne1 Ne5 22. Qb5 a6 23. Qa4 Bc6 24. Qxa6 Bb5 25. Qa5 Be2 26. Qc3 Bxd1 27. Rxd1
f6 28. Ra1 Qb4 29. Qxb4 cxb4 30. Nxe4 Nd3 31. Nf3 Rc1+ 32. Rxc1 Nxc1 33. Nd4
Rb8 34. g4 Nxa2 35. Kf1 Ra8 36. Ke2 Nc1+ 37. Kd2 Na2 38. Nc5 Nc3 39. Nc2 Na2
40. Nd3 Rb8 41. f3 Kh6 42. h4 f5 43. gxf5 gxf5 44. Nf4 Rd8+ 45. Ke1 Rc8 46. Nd4
Rc5 47. Kf2 Ra5 48. Kg3 Nc1 49. Kh3 Kg7 50. Kg3 Kf7 51. h5 Ra3 52. Nxf5 Rxb3
53. e4 Rb2 54. Kg4 Ra2 55. e5 Ra6 56. e6+ Rxe6 57. Nxe6 b3 58. Ng5+ Ke8 59. Ne4
Na2 60. Kg5 b2 61. Nd2 Kf7 62. Nb1 Nb4 63. f4 Nd5 64. Nd6+ Kg7 65. h6+ Kf8 66.
Nc4 Ke7 67. f5 Nf6 68. Nxb2 Ne4+ 69. Kf4 Nd6 70. Nc3 Nf7 71. Ne4 Nxh6 72. f6+
Kf8 73. Nd6 Ng8 74. Kf5 Nxf6 75. Kxf6 h5 76. Kg5 1/2-1/2

[Event "XXVIII Memorial Edoardo Crespi A"]
[Site "Milano ITA"]
[Date "2007.12.06"]
[Round "2"]
[White "Cardani, Roberto"]
[Black "Zacco, Remo"]
[Result "1-0"]
[WhiteElo "1923"]
[BlackElo "1994"]
[PlyCount "74"]
[EventDate "2007.12.05"]

1. e4 d6 2. d4 g6 3. Nc3 Bg7 4. Be3 a6 5. f3 Nc6 6. Qd2 b5 7. O-O-O e5 8. Nce2
h6 9. h4 exd4 10. Nxd4 Nxd4 11. Bxd4 Nf6 12. Ne2 Be6 13. Kb1 Qe7 14. Nf4 O-O
15. g4 c5 16. Nxe6 fxe6 17. Be3 d5 18. Bxh6 dxe4 19. Bxg7 Rfd8 20. Qe1 Rxd1+
21. Qxd1 Rd8 22. Qe1 Kxg7 23. Bg2 exf3 24. Bxf3 e5 25. a3 b4 26. axb4 cxb4 27.
g5 Nd5 28. Rf1 Nf4 29. Qe4 Rd4 30. Qc6 a5 31. Re1 Rd8 32. Qb5 Re8 33. Qxa5 Qd6
34. Rd1 Qe7 35. Bc6 Qf8 36. Bxe8 Qxe8 37. Qc7+ Kg8 1-0

[Event "XXVIII Memorial Edoardo Crespi A"]
[Site "Milano ITA"]
[Date "2007.12.06"]
[Round "2"]
[White "Cazzaniga, Walter"]
[Black "Galli, Fabio"]
[Result "1-0"]
[WhiteElo "2167"]
[BlackElo "2079"]
[PlyCount "49"]
[EventDate "2007.12.05"]

1. d4 d5 2. c4 e5 3. dxe5 d4 4. Nf3 Nc6 5. g3 Bg4 6. Bg2 Qd7 7. O-O Bh3 8. Nbd2
h5 9. Bxh3 Qxh3 10. Ng5 Qf5 11. Ndf3 O-O-O 12. Qd3 Qd7 13. a3 Nh6 14. b4 Re8
15. e6 fxe6 16. b5 Nd8 17. Ne5 Qd6 18. Bf4 Qc5 19. e3 Nf5 20. Rfd1 h4 21. exd4
Qe7 22. Ng6 Qf6 23. Nxh8 hxg3 24. hxg3 Bd6 25. Ne4 1-0

[Event "XXVIII Memorial Edoardo Crespi A"]
[Site "Milano ITA"]
[Date "2007.12.06"]
[Round "2"]
[White "Colica, Daniele"]
[Black "Bozzali, Ermanno"]
[Result "0-1"]
[WhiteElo "1860"]
[BlackElo "2136"]
[PlyCount "124"]
[EventDate "2007.12.05"]

1. e4 c5 2. Nf3 d6 3. Bb5+ Nd7 4. d4 cxd4 5. Qxd4 Ngf6 6. Nc3 e6 7. O-O Be7 8.
Bg5 O-O 9. Be2 a6 10. Rad1 Qc7 11. Bxf6 Nxf6 12. e5 dxe5 13. Qxe5 Qxe5 14. Nxe5
Rd8 15. Rxd8+ Bxd8 16. Rd1 Bc7 17. Ng4 Nxg4 18. Bxg4 Kf8 19. Bf3 Ke7 20. Na4
Rb8 21. g3 f5 22. Nc3 Bd7 23. Bg2 b5 24. Ne2 Rb6 25. Kf1 Be5 26. c3 b4 27. c4
Bxb2 28. c5 Rb5 29. c6 Bc8 30. Nd4 Bxd4 31. Rxd4 a5 32. Ke1 a4 33. Bf1 Re5+ 34.
Kd2 Rd5 35. Ke3 Rxd4 36. Kxd4 Kd6 37. Bb5 e5+ 38. Kc4 Be6+ 39. Kxb4 Bxa2 40.
Bxa4 Bd5 41. c7 Kxc7 42. Kc5 Be6 43. Bc2 Kd7 44. Ba4+ Ke7 45. Bc2 Kf6 46. Kd6
Bc4 47. Kc5 Be2 48. Kd6 g5 49. Kd5 h6 50. Kd6 e4 51. Kd5 Bd3 52. Bd1 f4 53. Kd4
Bb1 54. Bh5 Kf5 55. Bd1 f3 56. h3 h5 57. Ba4 h4 58. Bd7+ Kf6 59. g4 Bd3 60. Bc6
Bf1 61. Bxe4 Bxh3 62. Bxf3 Bf1 0-1

[Event "XXVIII Memorial Edoardo Crespi A"]
[Site "Milano ITA"]
[Date "2007.12.06"]
[Round "2"]
[White "Crippa, Gabriele"]
[Black "Martinez, Rolly"]
[Result "0-1"]
[WhiteElo "2087"]
[BlackElo "2447"]
[PlyCount "112"]
[EventDate "2007.12.05"]

1. d4 Nf6 2. Bf4 d5 3. e3 c5 4. c3 Qb6 5. Qb3 c4 6. Qc2 Nc6 7. Nd2 Qa5 8. a3 g6
9. Ngf3 Nh5 10. h3 Nxf4 11. exf4 Bf5 12. Qc1 Bg7 13. Be2 Bh6 14. g3 Bg7 15. Kf1
O-O 16. Nh4 Bd7 17. Bf3 f6 18. Kg2 e6 19. Kh2 Qc7 20. Rf1 Qd6 21. Qd1 b5 22.
Ng2 a5 23. b4 Ne7 24. Ne3 Ra6 25. Qe2 Rfa8 26. Nc2 h5 27. Bg2 Kf7 28. Nf3 Bh6
29. h4 axb4 30. axb4 Ra2 31. Rxa2 Rxa2 32. Ra1 Qa6 33. Qd1 Nc8 34. Ng1 Nb6 35.
Ne2 Bg7 36. Bf3 Qa4 37. Rxa2 Qxa2 38. Qc1 Bh6 39. Kg2 Na4 40. Ne3 f5 41. Nd1
Bf8 42. Kf1 Qb3 43. Ng1 Nxc3 44. Qxc3 Qxc3 45. Nxc3 Bxb4 46. Na2 Ba5 47. Bd1 b4
48. Ne2 Ke7 49. f3 Kd6 50. Kf2 Kc7 51. Ke3 Kb6 52. Nac3 bxc3 53. Bc2 Kb5 54. g4
Kb4 55. gxh5 gxh5 56. Ng3 Be8 0-1

[Event "XXVIII Memorial Edoardo Crespi A"]
[Site "Milano ITA"]
[Date "2007.12.06"]
[Round "2"]
[White "Damia, Angelo"]
[Black "Bove, Alessandro"]
[Result "1/2-1/2"]
[WhiteElo "2266"]
[BlackElo "2195"]
[PlyCount "23"]
[EventDate "2007.12.05"]

1. f3 f6 2. Kf2 Kf7 3. Ke3 Ke6 4. a4 Kf7 5. Kd4 a5 6. Kc3 Nh6 7. Kb3 Kg8 8. Ra3
e5 9. Ka2 Nf7 10. h4 d5 11. Qe1 Na6 12. d4 1/2-1/2

[Event "XXVIII Memorial Edoardo Crespi A"]
[Site "Milano ITA"]
[Date "2007.12.06"]
[Round "2"]
[White "Moreschi, Mauro"]
[Black "De Santis, Alessio"]
[Result "0-1"]
[WhiteElo "1944"]
[BlackElo "2367"]
[PlyCount "38"]
[EventDate "2007.12.05"]

1. e4 c5 2. Nf3 e6 3. b3 Nc6 4. Bb2 a6 5. g3 h5 6. h4 Nf6 7. d3 d5 8. exd5 exd5
9. Qe2+ Be7 10. Bxf6 gxf6 11. Bh3 Bg4 12. c3 Qa5 13. Bxg4 hxg4 14. Nh2 f5 15.
O-O O-O-O 16. a3 Bxh4 17. Nxg4 fxg4 18. Qxg4+ Kb8 19. Qf4+ Qc7 0-1